Word Ladder: Mystery Theme II Quiz Stats

 Plays Quiz Updated Jul 22, 2015

Score 0/36 Timer 04:00
1 Play Today
Clue Word % Correct
A place with many storesMALL
97.6%
● Round object ●● BALL ●
97.2%
● Send a package ●● MAIL ●
96.3%
A bundle of hayBALE
93.6%
● Hand motion when greeting someone ●● WAVE ●
92.7%
One's salaryWAGE
90.7%
Section of the wholePART
90.6%
● A pit in the ground ●● HOLE ●
90.4%
● A city with a harbour ●● PORT ●
90%
Give food to an animalFEED
88.4%
A long metal rodPOLE
88.3%
Opening in the skinPORE
88.3%
● To elevate something ●● LIFT ●
87.7%
The screen in a dryer catches thisLINT
87.4%
Common actions of a dog's tailWAGS
87.2%
Strong and healthyHALE
83.4%
Definitely not Usain Bolt's speedSLOW
83.4%
Ran awayFLED
81.7%
Clue Word % Correct
Cover with concretePAVE
81.3%
● It's infinitely long and has no width ●● LINE ●
81.2%
Moved through the airFLEW
81%
● River current ●● FLOW ●
80.5%
Three rights make thisLEFT
79.9%
● Theatre performance ●● SHOW ●
79.4%
Trim somethingPARE
79%
Place to purchase itemsSHOP
78.6%
● Flexible plastic containers ●● BAGS ●
78.3%
A narrow streetLANE
77%
Warm upHEAT
76.6%
● A large boat ●● SHIP ●
76.2%
● Chief of an organization ●● HEAD ●
75.6%
Pay attention toHEED
75.2%
The weight of somethingHEFT
71.6%
ProhibitsBANS
69.8%
Deadly poisonBANE
62.5%
COMMON BOND TO ● WORDS *●● AIR ●●
7.8%

Today's Daily Dose

Missing Word
Fall Out Boy Songs

Word Ladder
Movies of 1999

Get the Picture
Pie Charts II

You're not logged in!

Compare scores with friends on all Sporcle quizzes.
OR
Log In

Show Comments

Extras

Top Quizzes Today


Score Distribution

Your Account Isn't Verified!

In order to create a playlist on Sporcle, you need to verify the email address you used during registration. Go to your Sporcle Settings to finish the process.

Report this User

Report this user for behavior that violates our Community Guidelines.

Details: